Delhi City Quiz - Statistics

General Stats
  • This quiz has been taken 263 times
    123 since last reset
  • The average score is 15 of 30
Answer Stats
Trivia Answer % Correct
The Airport that Serves Delhi {Indira} {Gandhi} International Airport
96%
The River which flows through Delhi {Yamuna} River
94%
The Party from which above leader belongs {Aam} {Aadmi} Party
85%
Largest Mosque of India {Jama} Masjid
81%
Full Form of NCR {National} {Capital} {Region}
75%
Cities that touch the Borders of Delhi Noida
70%
Cities that touch the Borders of Delhi Gurugram
69%
Gaming Even hosted by Delhi in 2010 {Commonwealth} Games
67%
The largest exhibition ground in Delhi {Pragati} Maidan
67%
States that border Delhi Haryana
62%
States that border Delhi Uttar Pradesh
62%
Team representing Delhi in the Indian Premier League Delhi {Capitals}
58%
Current Chief Minister of Delhi Atishi Marlena
54%
The Name of Road that runs between Rastrapati Bhavan and India Gate Kartavya Path
51%
Cities that touch the Borders of Delhi Ghaziabad
49%
The First Underground Market of India {Palika} Bazar
45%
Number of lines of Delhi Metro 9
44%
Cities that touch the Borders of Delhi Faridabad
43%
Longest Serving Chief Minister of Delhi Sheila Dikshit
43%
British Architect credited with designing most of New Delhi Edwin Lutyens
41%
UNESCO World Heritage Sites in Delhi Lal Qila
40%
Name of the corporation that runs Delhi Metro Delhi Metro Rail Corporation
37%
UNESCO World Heritage Sites in Delhi Qutub Minar
33%
Year in which Delhi was given Union Territory status 1956
28%
Largest City in NCR (excluding Delhi) Meerut
28%
Largest and Busiest Bus Terminal in Delhi Maharana Pratap ISBT
26%
The First Airport of Delhi {Safdarjung} Airport
18%
UNESCO World Heritage Sites in Delhi Humayun’s Tomb
11%
Semi-High Speed Rail Service connecting Delhi with this city Rapid X
11%
Cities that touch the Borders of Delhi Bahadurgarh
6%
No matching quizzes found
Score Distribution
Percent of People with Each Score
Percentile by Number Answered
Your Score History
You have not taken this quiz since the last reset